000 00740nam a2200217Ii 4500
003 JO-AjNU
008 230605s9999||||xx |||||||||||||| ||und||
017 _a2009/14753
020 _a977-358-183-7
040 _aJO-AjNU
_bara
_erda
_cJO-AjNU
041 _aara
050 1 4 _aHF5415.2009
100 3 _aحافظ،محمد عبده,
_eauthor
_933996
245 0 0 _aالتسويق عبر الانترنت
264 3 1 _aالقاهرة:دار الفجر للنشر والتوزيع؛2009
300 _a400ص
_bيحتوي على ببلوغرافية من ص395-400ص
336 _atext
_btxt
_2rdacontent
337 _aunmediated
_bn
_2rdamedia
338 _avolume
_bnc
_2rdacarrier
650 4 _aالتسويق عبر الانترنت
_933997
999 _aA13893
_c17461
_d17461